000 00394nam a2200157Ia 4500
008 230917s9999||||xx |||||||||||||| ||und||
040 _e100840
_aMAIN
041 _aEnglish
082 _a346.03 S35S
100 _aSalmond
245 0 _aSalmond and Heuston on the law of tort
250 _a20th ed.
260 _aDelhi
_bUniversal Law Publishing
_c2003
300 _ac, 604 p.
942 _cBK
999 _c100395
_d100395